[Event "Open Max Euwe in Memoriam"]
[Site "SchemingMind.com"]
[Date "2011.09.02"]
[Round "-"]
[White "mmccaffe"]
[Black "otsenrechess"]
[Result "1-0"]
[WhiteCountry "USA"]
[BlackCountry "HUN"]
[WhiteElo "1701"]
[WhiteRD "58"]
[BlackElo "1823"]
[BlackRD "45"]
[GameID "292143"]

1. e4 e5 2. Nf3 Nc6 3. Bb5 f5 4. exf5 e4 5. Qe2 Qe7 6. Bxc6 dxc6 7. Nd4 Qe5 8. c3 Nf6 9. d3 c5 10. Nf3 Qe7
11. dxe4 Qxe4 12. Qxe4+ Nxe4 13. O-O Bxf5 14. Re1 O-O-O 15. Nbd2 Nxd2 16. Bxd2
1-0

[Event "Open Max Euwe in Memoriam"]
[Site "SchemingMind.com"]
[Date "2011.09.04"]
[Round "-"]
[White "HAZOP"]
[Black "docjan"]
[Result "0-1"]
[WhiteCountry "ALG"]
[BlackCountry "SWE"]
[WhiteElo "1398"]
[WhiteRD "91"]
[BlackElo "2312"]
[BlackRD "59"]
[GameID "292144"]

1. Nf3 d5 2. d4 Nf6 3. g3 c5 4. Bg2 cxd4 5. Nxd4 e5 6. Nb3 Be7 7. O-O O-O 8. Bg5 Nbd7 9. N1d2 h6 10. Bxf6 Nxf6
11. e4 d4 12. Re1 Re8 13. a3 Qb6 14. Nc4 Qc7 15. Qd3 Be6 16. Ncd2 a5 17. a4 Rec8 18. Rec1 Bb4 19. Kh1 b5 20. axb5 a4
21. c3 dxc3 22. bxc3 axb3 23. cxb4 b2 24. Rxc7 bxa1=Q+ 25. Nf1 Rxc7 26. b6 Rc1 27. h3 Ra2
0-1

[Event "Open Max Euwe in Memoriam"]
[Site "SchemingMind.com"]
[Date "2011.09.02"]
[Round "-"]
[White "otsenrechess"]
[Black "mmccaffe"]
[Result "0-1"]
[WhiteCountry "HUN"]
[BlackCountry "USA"]
[WhiteElo "1823"]
[WhiteRD "45"]
[BlackElo "1701"]
[BlackRD "58"]
[GameID "292148"]

1. e4 e5 2. Nf3 Nc6 3. Bc4 Bc5 4. c3 Nf6 5. d4 exd4 6. e5 d5 7. Bb5 Ne4 8. cxd4 Bb4+ 9. Bd2 Nxd2 10. Nbxd2 Bd7
11. O-O O-O 12. Qb3 Bxd2 13. Bxc6 bxc6 14. Nxd2 Qb8 15. Qc3 Qb5 16. a4 Qb6
0-1

[Event "Open Max Euwe in Memoriam"]
[Site "SchemingMind.com"]
[Date "2011.09.05"]
[Round "-"]
[White "docjan"]
[Black "HAZOP"]
[Result "1-0"]
[WhiteCountry "SWE"]
[BlackCountry "ALG"]
[WhiteElo "2302"]
[WhiteRD "56"]
[BlackElo "1542"]
[BlackRD "113"]
[GameID "292149"]

1. e4 e5 2. f4 Nc6 3. Nf3 d6 4. d4 Bg4 5. d5 Bxf3 6. Qxf3 Nce7 7. fxe5 dxe5 8. Qb3 Rb8 9. Be3 b6 10. Bb5+ c6
11. dxc6 Qc7 12. O-O g6 13. Qxf7+
1-0

[Event "Open Max Euwe in Memoriam"]
[Site "SchemingMind.com"]
[Date "2011.09.07"]
[Round "-"]
[White "Olli Ylönen"]
[Black "emvarela"]
[Result "1-0"]
[WhiteCountry "FIN"]
[BlackCountry "ARG"]
[WhiteElo "1819"]
[WhiteRD "52"]
[BlackElo "1740"]
[BlackRD "47"]
[GameID "292205"]

1. c4 Nf6 2. Nc3 g6 3. g3 c5 4. Bg2 Nc6 5. Nf3 Bg7 6. O-O O-O 7. d4 d5 8. dxc5 dxc4 9. Qa4 Qa5 10. Qxc4 Be6
11. Qb5 Qxb5 12. Nxb5 a6 13. Nc7 Rac8 14. Nxe6 fxe6 15. Ng5 Nd8 16. b4 h6 17. Nf3 Nd5 18. Rb1 Nc6 19. a3 Nc3 20. Rb2 Nb5
21. Rd2 Rfd8 22. Rfd1 Rxd2 23. Rxd2 Rd8 24. Rxd8+ Nxd8 25. e3 Nc6 26. Nd4 Ncxd4 27. exd4 Nxd4 28. Kf1 Nc2 29. Bxb7 Bc3 30. c6 Be5
31. Bf4 Bxf4 32. gxf4
1-0

[Event "Open Max Euwe in Memoriam"]
[Site "SchemingMind.com"]
[Date "2011.09.03"]
[Round "-"]
[White "César Jesús Reyes Maldonado"]
[Black "zogger"]
[Result "1-0"]
[WhiteCountry "VEN"]
[BlackCountry "GER"]
[WhiteElo "2426"]
[WhiteRD "54"]
[BlackElo "2148"]
[BlackRD "71"]
[GameID "292208"]

1. e4 c6 2. d4 d5 3. Nd2 dxe4 4. Nxe4 Bf5 5. Ng3 Bg6 6. h4 h6 7. Nf3 Nd7 8. h5 Bh7 9. Bd3 Bxd3 10. Qxd3 Ngf6
11. Bd2 e6 12. O-O-O Be7 13. Kb1 O-O 14. Ne4 Nxe4 15. Qxe4 Nf6 16. Qe2 Qd5 17. Ne5 Qe4 18. Qxe4 Nxe4 19. Be3 Rfd8 20. g4 c5
21. f3 cxd4 22. Bxd4 Bc5 23. Bxc5 Nxc5 24. Kc1 Kf8 25. Rh2 Rxd1+ 26. Kxd1 f6 27. Ng6+ Ke8 28. Re2 Rd8+ 29. Ke1 Rd6 30. Re3 Kd7
31. Rc3 Na4 32. Nf8+ Ke7 33. Rc8 Nxb2 34. Ng6+ Kd7 35. Rg8 Rd1+ 36. Kf2 Kd6 37. Rxg7 Rd2+ 38. Kg3 Nc4 39. Nf8 Rxc2 40. Rd7+ Kc6
41. Rf7 Nd2 42. Nxe6 Kd6 43. Ng7
1-0

[Event "Open Max Euwe in Memoriam"]
[Site "SchemingMind.com"]
[Date "2011.09.07"]
[Round "-"]
[White "emvarela"]
[Black "Olli Ylönen"]
[Result "1-0"]
[WhiteCountry "ARG"]
[BlackCountry "FIN"]
[WhiteElo "1778"]
[WhiteRD "48"]
[BlackElo "1816"]
[BlackRD "55"]
[GameID "292211"]

1. e4 e5 2. Nf3 Nc6 3. Bb5 a6 4. Ba4 Nf6 5. O-O Be7 6. Re1 b5 7. Bb3 d6 8. c3 O-O 9. h3 Na5 10. Bc2 c5
11. d4 Qc7 12. Nbd2 cxd4 13. cxd4 Nc6 14. Nb3 a5 15. Be3 a4 16. dxe5 dxe5 17. Nbd2 Bb7 18. Rc1 Rac8 19. Bd3 Qa5 20. Bc5 Bxc5
21. Rxc5 Qb4 22. Rxb5 Qe7 23. Qxa4 Ra8 24. Qb3 Rab8 25. Rc1 Nd4 26. Nxd4 exd4 27. e5 Nd5 28. Be4 Qxe5 29. Rxb7
1-0

[Event "Open Max Euwe in Memoriam"]
[Site "SchemingMind.com"]
[Date "2011.09.03"]
[Round "-"]
[White "zogger"]
[Black "César Jesús Reyes Maldonado"]
[Result "0-1"]
[WhiteCountry "GER"]
[BlackCountry "VEN"]
[WhiteElo "2132"]
[WhiteRD "72"]
[BlackElo "2337"]
[BlackRD "74"]
[GameID "292214"]

1. Nf3 Nf6 2. g3 g6 3. Bg2 Bg7 4. O-O O-O 5. d3 d5 6. Nbd2 Nc6 7. e4 e5 8. c3 a5 9. a4 h6 10. exd5 Nxd5
11. Nc4 Bf5 12. Re1 Re8 13. h3 b6 14. Qb3 g5 15. Nfxe5 Bxe5 16. Qb5 Bxg3 17. Rxe8+ Qxe8 18. fxg3 Nce7 19. d4 Qxb5 20. axb5 Rd8
21. h4 f6 22. hxg5 hxg5 23. Bd2 Be6 24. b4 axb4 25. Bxd5 Bxd5 26. Ne3 bxc3 27. Bxc3 Kf7 28. Kf2 Be4 29. Ke2 Nc8 30. Nc4 Bf5
31. Rf1 Kg6
0-1

[Event "Open Max Euwe in Memoriam"]
[Site "SchemingMind.com"]
[Date "2011.09.12"]
[Round "-"]
[White "jtrochez1"]
[Black "C. H. O'D. Schlechter"]
[Result "0-1"]
[WhiteCountry "HON"]
[BlackCountry "USA"]
[WhiteElo "1606"]
[WhiteRD "54"]
[BlackElo "2392"]
[BlackRD "93"]
[GameID "292576"]

1. e4 e5 2. Nf3 Nc6 3. Bc4 Bc5 4. c3 Nf6 5. d3 d6 6. h3 a6 7. a3 O-O 8. Bg5 h6 9. Bh4 g5 10. Bg3 Nh5
11. Nxe5 Nxg3 12. fxg3 dxe5 13. Nd2 g4 14. hxg4 Qg5 15. Bd5 Qe3+ 16. Qe2 Qxg3+ 17. Kf1 Bxg4 18. Nf3 Rad8 19. Qe1 Qf4 20. Qe2 Rd6
21. b4 Ba7 22. Ke1 Ne7 23. Ba2 Ng6 24. Kd1 Qg3 25. Rf1 Nf4 26. Qe1 Rxd3+ 27. Kc1 Qxg2 28. Kb1 Bxf3
0-1

[Event "Open Max Euwe in Memoriam"]
[Site "SchemingMind.com"]
[Date "2011.09.09"]
[Round "-"]
[White "SittingBull"]
[Black "Michal Drus"]
[Result "1-0"]
[WhiteCountry "CAN"]
[BlackCountry "POL"]
[WhiteElo "1854"]
[WhiteRD "66"]
[BlackElo "1489"]
[BlackRD "74"]
[GameID "292609"]

1. e4 e5 2. Nf3 Nc6 3. Bb5 Nge7 4. O-O a6 5. Ba4 b5 6. Bb3 d5 7. exd5 Nxd5 8. Re1 Bg4 9. d4 Bb4 10. c3 Bxf3
11. Qxf3 Nxd4 12. Qxd5 Qxd5 13. Bxd5 Nc2 14. Bxa8 Nxe1 15. Be4 Bc5 16. Kf1 Nxg2 17. Kxg2 O-O 18. Be3 Be7 19. Nd2 Rd8 20. Nb3 Rd6
21. Bc5
1-0

[Event "Open Max Euwe in Memoriam"]
[Site "SchemingMind.com"]
[Date "2011.09.10"]
[Round "-"]
[White "elFLP"]
[Black "e_castle3"]
[Result "1-0"]
[WhiteCountry "URU"]
[BlackCountry "PHI"]
[WhiteElo "1917"]
[WhiteRD "90"]
[BlackElo "1877"]
[BlackRD "52"]
[GameID "292611"]

1. e4 Nc6 2. d4 d5 3. e5 Bf5 4. c3 e6 5. f4 Qh4+ 6. g3 Qe7 7. Nf3 O-O-O 8. Bg2 f6 9. O-O h5 10. b4 a6
11. a4 Bg4 12. b5 Nb8 13. Nbd2 Nh6 14. Qb3 Nf5 15. bxa6 Nxa6 16. Rb1 c6 17. Rf2 h4 18. Bf1 hxg3 19. hxg3 Nb8 20. a5 Nxg3
21. a6 b5 22. Ra1 Qa7 23. Bd3 Be7 24. Rg2 Bxf3 25. Nxf3 Nh5 26. Bg6 c5 27. Bf7 cxd4 28. cxd4 fxe5 29. Bxe6+ Kc7 30. Qxb5 exd4
31. Rc2+
1-0

[Event "Open Max Euwe in Memoriam"]
[Site "SchemingMind.com"]
[Date "2011.09.09"]
[Round "-"]
[White "e_castle3"]
[Black "elFLP"]
[Result "1-0"]
[WhiteCountry "PHI"]
[BlackCountry "URU"]
[WhiteElo "1877"]
[WhiteRD "52"]
[BlackElo "1917"]
[BlackRD "90"]
[GameID "292616"]

1. e4 e5 2. Nf3 f5 3. d3 d6 4. Nc3 Nf6 5. Be2 Be7 6. O-O O-O 7. Re1 Nc6 8. h3 Kh8 9. exf5 Bxf5 10. g4 Bg6
11. Bf1 Nd4 12. Nxd4 exd4 13. Ne4 d5 14. Ng3 Bd6 15. Ne2 Nxg4 16. hxg4 Bh2+ 17. Kxh2 Qh4+ 18. Kg1 Rxf2 19. Bg2 Qg3 20. Nxg3
1-0

[Event "Open Max Euwe in Memoriam"]
[Site "SchemingMind.com"]
[Date "2011.09.11"]
[Round "-"]
[White "e_safarz"]
[Black "John Hamer"]
[Result "1-0"]
[WhiteCountry "CAN"]
[BlackCountry "ENG"]
[WhiteElo "2305"]
[WhiteRD "94"]
[BlackElo "1990"]
[BlackRD "67"]
[GameID "292725"]

1. e4 e5 2. Nf3 Nc6 3. Bc4 Nf6 4. d3 Be7 5. O-O O-O 6. c3 d6 7. Bb3 Na5 8. Bc2 c5 9. Nbd2 Nc6 10. Re1 Re8
11. Nf1 h6 12. Ng3 Bf8 13. h3 g6 14. a3 Be6 15. b4 Qc7 16. Be3 cxb4 17. axb4 d5 18. b5 Na5 19. exd5 Bxd5 20. c4 e4
21. Bd4 exf3 22. Bxf6 Be6 23. Qxf3 Bb4 24. Be5 Qd8 25. Ne4 Bxe1 26. Nf6+ Kf8 27. Rxe1 Re7 28. Qe3 g5 29. Qe4 Bc8 30. Qh7 Rxe5
31. Qxh6+ Ke7 32. Rxe5+ Be6 33. Qxg5 b6 34. Re4 Nb7 35. Qh4 Nd6 36. Rd4 Kf8 37. Qf4 Ke7 38. Ne4 Qc7 39. Rxd6
1-0

[Event "Open Max Euwe in Memoriam"]
[Site "SchemingMind.com"]
[Date "2011.09.11"]
[Round "-"]
[White "John Hamer"]
[Black "e_safarz"]
[Result "0-1"]
[WhiteCountry "ENG"]
[BlackCountry "CAN"]
[WhiteElo "1995"]
[WhiteRD "65"]
[BlackElo "2385"]
[BlackRD "80"]
[GameID "292730"]

1. d4 Nf6 2. c4 e6 3. Nf3 b6 4. Nc3 Bb7 5. Bg5 Bb4 6. e3 h6 7. Bh4 g5 8. Bg3 Ne4 9. Nd2 Nxc3 10. bxc3 Bxc3
11. Rc1 Bb4 12. h4 Rg8 13. Qh5 Qf6 14. hxg5 Qxg5 15. Qxg5 hxg5 16. Bxc7 d6 17. Bxb8 Rxb8 18. a3= Ba5 19. Ke2 Bxd2 20. Kxd2 Ke7
21. f3 g4 22. e4 gxf3 23. gxf3 Rbc8 24. Ke3 Rg5 25. Rh7 Ra5 26. Rc3 d5 27. exd5 exd5 28. Kf4 dxc4 29. Bxc4= Kd6 30. Rh6+ Kd7
31. a4 Ba6 32. Bb5+ Bxb5 33. Rxc8 Kxc8 34. axb5 Rxb5 35. Rf6 a5 36. Rxf7= a4 37. Rh7= a3 38. Rh1 a2
0-1

[Event "Open Max Euwe in Memoriam"]
[Site "SchemingMind.com"]
[Date "2011.09.14"]
[Round "-"]
[White "Erik Johnson"]
[Black "Ronald R. Nurmi"]
[Result "1/2-1/2"]
[WhiteCountry "USA"]
[BlackCountry "USA"]
[WhiteElo "1722"]
[WhiteRD "75"]
[BlackElo "1824"]
[BlackRD "77"]
[GameID "292882"]

1. e4 d5 2. exd5 Qxd5 3. Nc3 Qd6 4. Nf3 Nf6 5. d3 Nc6 6. b3 Bg4 7. Be2 e6 8. Bb2 Be7 9. Qd2 O-O 10. O-O-O Qc5
11. Qe3 Qxe3+ 12. fxe3 a6 13. h3 Bf5 14. g4 Bg6 15. Rdg1 h6 16. h4 Bc5 17. d4 Bd6 18. g5 Nd5 19. Nxd5 exd5 20. h5 Bh7
21. gxh6 g6 22. Ng5 Ne7 23. Nxh7 Kxh7 24. hxg6+ Nxg6 25. Bd3 Rad8 26. c4 c6 27. c5 Be7 28. Bc3 Rd7 29. Bf5 Rdd8 30. Ba5 Rde8
31. Kd2 Bf6 32. Bc7 Rg8 33. Bf4 Rd8 34. Bg5 Bxg5 35. Rxg5 Rde8 36. Rg4 Re7 37. b4=
1/2-1/2

[Event "Open Max Euwe in Memoriam"]
[Site "SchemingMind.com"]
[Date "2011.09.14"]
[Round "-"]
[White "Ronald R. Nurmi"]
[Black "Erik Johnson"]
[Result "1-0"]
[WhiteCountry "USA"]
[BlackCountry "USA"]
[WhiteElo "1824"]
[WhiteRD "77"]
[BlackElo "1722"]
[BlackRD "75"]
[GameID "292888"]

1. d4 Nf6 2. Bf4 e6 3. e3 d5 4. Nd2 Bd6 5. Bg3 Bxg3 6. hxg3 Nc6 7. Ngf3 Qd6 8. c3 Bd7 9. Bd3 e5 10. dxe5 Nxe5
11. Nxe5 Qxe5 12. Qc2 h6 13. Nf3 Qe7 14. Bf5 O-O-O 15. O-O-O g6 16. Bxd7+ Rxd7 17. Kb1 Re8 18. Rxh6 Ne4 19. Nd4 c5 20. Nf3 Qf6
21. Rdh1 Qf5 22. Kc1 Nd6 23. Qxf5 Nxf5 24. Rh8 Rxh8 25. Rxh8+ Kc7 26. Rh1 Kd6 27. g4 Ng7 28. Ng5 b5 29. Kc2 a5 30. f4 Nf5
31. gxf5 gxf5 32. Rh7 f6 33. Rxd7+ Kxd7 34. Nf3 Ke7 35. b4 axb4 36. cxb4 Kd6 37. bxc5+ Kxc5 38. Nd4 b4 39. Nxf5 Kc4 40. g4
1-0

[Event "Open Max Euwe in Memoriam"]
[Site "SchemingMind.com"]
[Date "2011.09.16"]
[Round "-"]
[White "jesusch"]
[Black "Mitch The Man"]
[Result "1-0"]
[WhiteCountry "ESP"]
[BlackCountry "USA"]
[WhiteElo "1983"]
[WhiteRD "71"]
[BlackElo "1353"]
[BlackRD "61"]
[GameID "293072"]

1. e4 e5 2. Nf3 d6 3. d4 Qe7 4. Nc3 Bg4 5. Nd5 Qd7 6. dxe5 Bxf3 7. Qxf3 dxe5 8. Bc4 c6 9. Nc3 Nf6 10. O-O Bd6
11. Bg5 O-O 12. Bxf6 gxf6 13. Qxf6 b5 14. Bb3 Na6 15. Rad1 Rad8 16. Rd3 Nc5 17. Rg3+
1-0

[Event "Open Max Euwe in Memoriam"]
[Site "SchemingMind.com"]
[Date "2011.09.16"]
[Round "-"]
[White "VLNT_1"]
[Black "Ilang"]
[Result "0-1"]
[WhiteCountry "USA"]
[BlackCountry "HUN"]
[WhiteElo "1219"]
[WhiteRD "70"]
[BlackElo "2407"]
[BlackRD "86"]
[GameID "293073"]

1. Nf3 Nf6 2. g3 d5 3. Bg2 Bf5 4. O-O c6 5. d4 h6 6. Nc3 e6 7. b3 Be7 8. Bb2 Qc7 9. h3 O-O 10. Nh4 Bh7
11. Qd2 c5 12. e3 cxd4 13. Nb5 Qxc2 14. Qxc2 Bxc2 15. Rac1 d3 16. Nf3 Nc6 17. Rfe1 Rfc8 18. e4 Nxe4 19. Nh2 d2 20. Rcd1 dxe1=Q+
21. Rxe1 Nb4 22. Ra1 Nxf2 23. Kxf2 Nd3+ 24. Ke2 Nxb2 25. Ng4 Bd3+ 26. Kd2 Rc2+ 27. Ke3 Rxg2 28. Ne5 Bc5+ 29. Kf3 Rf2+ 30. Kg4 Be2+
31. Kh4 g5#
0-1

[Event "Open Max Euwe in Memoriam"]
[Site "SchemingMind.com"]
[Date "2011.09.18"]
[Round "-"]
[White "Scooter"]
[Black "mochiron"]
[Result "1-0"]
[WhiteCountry "USA"]
[BlackCountry "JPN"]
[WhiteElo "1808"]
[WhiteRD "57"]
[BlackElo "1513"]
[BlackRD "83"]
[GameID "293075"]

1. d4 f5 2. Nf3 Nf6 3. Bg5 d6 4. e3 e6 5. c4 Be7 6. Nc3 O-O 7. Bd3 Ne4 8. Bxe7 Qxe7 9. Nxe4 fxe4 10. Bxe4 d5
11. cxd5 exd5 12. Qb3 Qxe4 13. O-O Rxf3 14. gxf3 Qxf3 15. Qd1 Qe4 16. Qh5 Bg4 17. Qh4 Nc6 18. h3 Bf3 19. Qxe4 dxe4 20. Rfc1 Rf8
21. d5 Ne5 22. Rxc7 h5 23. Rxb7 Rf5 24. Kh2 Nd3 25. d6 Rg5 26. Rg1 Rxg1 27. Kxg1 Nc5 28. Rxa7 h4 29. d7 Nxd7 30. Rxd7 Bh5
31. b4
1-0

[Event "Open Max Euwe in Memoriam"]
[Site "SchemingMind.com"]
[Date "2011.09.16"]
[Round "-"]
[White "Mitch The Man"]
[Black "jesusch"]
[Result "0-1"]
[WhiteCountry "USA"]
[BlackCountry "ESP"]
[WhiteElo "1352"]
[WhiteRD "61"]
[BlackElo "1887"]
[BlackRD "65"]
[GameID "293079"]

1. e4 c5 2. c4 Nc6 3. Nf3 g6 4. h3 Nf6 5. d3 Bg7 6. Be2 O-O 7. O-O d6 8. a3 Nd7 9. Bd2 Bxb2 10. Ra2 Bg7
11. Bc3 Nde5 12. Nxe5 Nxe5 13. Bxe5 Bxe5 14. Nd2 Bd7 15. Nf3 Bg7 16. a4 Qa5 17. Qb3 b6 18. Ne1 Qb4 19. Qc2 Bc6 20. Bd1 Qc3
21. Qxc3 Bxc3 22. Nf3 Kg7 23. Bb3 Rae8 24. Rc2 Bb4 25. Kh1 f5 26. Ng5 e6 27. Re2 h6 28. exf5 hxg5 29. fxe6 Kf6 30. Rfe1 Bxe1
31. Rxe1 Rxe6
0-1

[Event "Open Max Euwe in Memoriam"]
[Site "SchemingMind.com"]
[Date "2011.09.16"]
[Round "-"]
[White "Ilang"]
[Black "VLNT_1"]
[Result "1-0"]
[WhiteCountry "HUN"]
[BlackCountry "USA"]
[WhiteElo "2407"]
[WhiteRD "86"]
[BlackElo "1219"]
[BlackRD "70"]
[GameID "293080"]

1. e4 Nf6 2. e5 Nd5 3. d4 g6 4. c4 Nb4 5. a3 N4c6 6. d5 Nxe5 7. f4 Nxc4 8. Bxc4 Bg7 9. Nf3 O-O 10. Nc3 e6
11. O-O c6 12. d6 Qb6+ 13. Kh1 Re8 14. Ne5 f6 15. Ng4 c5 16. f5 Qc6 17. Nxf6+ Bxf6 18. fxg6 Bg7 19. gxh7+ Kxh7 20. Qh5+ Kg8
21. Qxe8+ Kh7 22. Bd3+
1-0

[Event "Open Max Euwe in Memoriam"]
[Site "SchemingMind.com"]
[Date "2011.09.18"]
[Round "-"]
[White "mochiron"]
[Black "Scooter"]
[Result "0-1"]
[WhiteCountry "JPN"]
[BlackCountry "USA"]
[WhiteElo "1513"]
[WhiteRD "83"]
[BlackElo "1808"]
[BlackRD "57"]
[GameID "293082"]

1. c4 c6 2. Nc3 e5 3. e4 Nf6 4. d3 Bb4 5. Bd2 O-O 6. Be2 d5 7. cxd5 cxd5 8. Nxd5 Nxd5 9. exd5 Bxd2+ 10. Kxd2 Qxd5
11. f3 Bf5 12. Qb3 Qxb3 13. axb3 Nc6 14. Nh3 Nd4 15. Bd1 Rfd8 16. g4 Bxd3 17. Ke3 Bc2 18. Be2 Bxb3 19. Kf2 Nxe2 20. Kxe2 a5
21. Rhc1 a4 22. Rc7 Rac8 23. Rxc8 Rxc8 24. Ke3 Rc2 25. Rd1 Rc3+ 26. Rd3 Rxd3+ 27. Ke4 Bc2 28. Kxe5 Rxf3 29. Nf4 Rxf4 30. Kxf4 b5
0-1

[Event "Open Max Euwe in Memoriam"]
[Site "SchemingMind.com"]
[Date "2011.09.18"]
[Round "-"]
[White "maro"]
[Black "Nate_Young"]
[Result "1-0"]
[WhiteCountry "MEX"]
[BlackCountry "AUS"]
[WhiteElo "1385"]
[WhiteRD "55"]
[BlackElo "1720"]
[BlackRD "78"]
[GameID "293145"]

1. e4 c5 2. Bc4 Nc6 3. Qf3 Nf6 4. d3 Nd4 5. Qd1 b5 6. Bd5 Nxd5 7. exd5 Bb7 8. Be3 Bxd5 9. Bxd4 Bxg2 10. Nd2 cxd4
11. Qg4 Bxh1 12. O-O-O
1-0

[Event "Open Max Euwe in Memoriam"]
[Site "SchemingMind.com"]
[Date "2011.09.17"]
[Round "-"]
[White "TRH"]
[Black "Aadsje"]
[Result "1-0"]
[WhiteCountry "ENG"]
[BlackCountry "NED"]
[WhiteElo "2155"]
[WhiteRD "63"]
[BlackElo "2106"]
[BlackRD "55"]
[GameID "293151"]

1. e4 e5 2. Nf3 Nc6 3. Bb5 a6 4. Ba4 Nf6 5. O-O Nxe4 6. d4 b5 7. Bb3 d5 8. dxe5 Be6 9. c3 Nc5 10. Nbd2 d4
11. Bxe6 Nxe6 12. cxd4 Ncxd4 13. a4 Bc5 14. Ne4 Bb6 15. Nfg5 Nxg5 16. Bxg5 Qd7 17. Bf6 O-O 18. Ra3 Qf5 19. Rg3 Ne6 20. Qb1 g6
21. Rf3 Qh5 22. Ng3 Qh6 23. Nf5 gxf5 24. Rg3+ Qg6 25. Qxf5
1-0

[Event "Open Max Euwe in Memoriam"]
[Site "SchemingMind.com"]
[Date "2011.09.17"]
[Round "-"]
[White "lemme howdt"]
[Black "Jari Laine"]
[Result "0-1"]
[WhiteCountry "USA"]
[BlackCountry "FIN"]
[WhiteElo "1635"]
[WhiteRD "82"]
[BlackElo "2234"]
[BlackRD "84"]
[GameID "293152"]

1. e4 e5 2. Nf3 Nc6 3. Bc4 Bc5 4. c3 Nf6 5. d4 exd4 6. cxd4 Bb4+ 7. Nc3 Nxe4 8. Qe2 d5 9. Bb5 O-O 10. O-O Bxc3
11. bxc3 Nxc3 12. Qb2 Nxb5 13. Qxb5 Re8 14. Bg5 Qd6 15. Rfe1 Bg4 16. Qxb7 Bxf3 17. gxf3 Nxd4 18. Rxe8+ Rxe8 19. f4 Qe6 20. Qxa7 Qg4+
21. Kf1 Qh3+
0-1

[Event "Open Max Euwe in Memoriam"]
[Site "SchemingMind.com"]
[Date "2011.09.17"]
[Round "-"]
[White "Nate_Young"]
[Black "maro"]
[Result "0-1"]
[WhiteCountry "AUS"]
[BlackCountry "MEX"]
[WhiteElo "1720"]
[WhiteRD "78"]
[BlackElo "1385"]
[BlackRD "55"]
[GameID "293153"]

1. e4 e5 2. f4 exf4 3. Nf3 Nc6 4. d4 d6 5. Bxf4 Bg4 6. Nc3 Nf6 7. Bc4 Be7 8. O-O O-O 9. Qd2 Nh5 10. Ng5 Bxg5
11. Bxg5 Qd7 12. h3 Ng3 13. hxg4 Nxf1
0-1

[Event "Open Max Euwe in Memoriam"]
[Site "SchemingMind.com"]
[Date "2011.09.17"]
[Round "-"]
[White "Aadsje"]
[Black "TRH"]
[Result "1/2-1/2"]
[WhiteCountry "NED"]
[BlackCountry "ENG"]
[WhiteElo "2106"]
[WhiteRD "55"]
[BlackElo "2155"]
[BlackRD "63"]
[GameID "293159"]

1. d4 d5 2. c4 e6 3. Nf3 Nf6 4. Nc3 Be7 5. Bg5 h6 6. Bh4 O-O 7. e3 b6 8. Be2 Bb7 9. Bxf6 Bxf6 10. cxd5 exd5
11. b4 c6 12. O-O a5 13. b5 c5 14. Ne5 cxd4 15. exd4 Bxe5 16. dxe5 d4 17. Na4 Qg5 18. Bg4 Qxe5 19. Nxb6 Ra7 20. Qb3 Qg5
21. Bh3 Rd8 22. Qc4 Bf3 23. Qd3 Bh5 24. Bf5 g6 25. Bh3 Rb7 26. f4 Qc5 27. Nc4 Be2 28. Qxe2 d3+ 29. Qe3 Qxc4 30. a4 d2
31. Bg4 Qb4 32. Rfb1 Re7 33. Rxb4 Rxe3 34. Kf2 Rc3 35. Rb2 Rc1 36. Rbb1 h5 37. Bd1=
1/2-1/2

[Event "Open Max Euwe in Memoriam"]
[Site "SchemingMind.com"]
[Date "2011.10.28"]
[Round "-"]
[White "Ronald R. Nurmi"]
[Black "flammablepawn"]
[Result "1/2-1/2"]
[WhiteCountry "USA"]
[BlackCountry "USA"]
[WhiteElo "1975"]
[WhiteRD "85"]
[BlackElo "1888"]
[BlackRD "80"]
[GameID "295662"]

1. d4 e6 2. Bf4 d5 3. e3 Nf6 4. Nd2 Bb4 5. c3 Be7 6. Bd3 O-O 7. h3 Nbd7 8. Ngf3 c5 9. O-O Re8 10. Ne5 Nxe5
11. Bxe5 Nd7 12. Qe2 cxd4 13. exd4 Nxe5 14. Qxe5 Bd6 15. Qh5 g6 16. Qh6 Bf8 17. Qe3 Bg7 18. Nf3 Qf6 19. Ne5 Qe7 20. a4 f6
21. Nf3 e5 22. Rfe1 e4 23. Nd2 Bd7 24. Bf1 f5 25. f3 Qh4 26. Qf2 Qxf2+ 27. Kxf2 Bh6 28. Nb3 e3+ 29. Ke2 f4 30. Kd1 Bg5
31. Bd3 b6 32. Nc1 Bh4 33. Re2 g5 34. Rc2 Kg7 35. Ne2 h5 36. Rcc1 Rf8 37. Kc2 Rf6 38. b3 Rc8 39. Kb2 g4 40. hxg4 hxg4
41. fxg4 Bxg4 42. a5 Rc7 43. Rh1 Bxe2 44. Bxe2 Bf2 45. axb6 axb6 46. b4 Rg6 47. Rh2 Rh6 48. Rxh6 Kxh6 49. Kc2 Kg6 50. Kd3 Rh7
51. Bf3 Rd7 52. Ra6 Rd6 53. Ra2=
1/2-1/2

[Event "Open Max Euwe in Memoriam"]
[Site "SchemingMind.com"]
[Date "2011.10.28"]
[Round "-"]
[White "flammablepawn"]
[Black "Ronald R. Nurmi"]
[Result "1/2-1/2"]
[WhiteCountry "USA"]
[BlackCountry "USA"]
[WhiteElo "1926"]
[WhiteRD "79"]
[BlackElo "1963"]
[BlackRD "79"]
[GameID "295665"]

1. b4 e5 2. Bb2 Bxb4 3. Bxe5 Nf6 4. Nf3 O-O 5. e3 d5 6. Be2 c5 7. O-O Nc6 8. Bb2 Re8 9. d3 Qe7 10. c3 Ba5
11. Nbd2 Bg4 12. Nb3 Bc7 13. c4 dxc4 14. dxc4 b6 15. h3 Bf5 16. Qc1 Rad8 17. Rd1 Rxd1+ 18. Qxd1 Rd8 19. Qe1 Ne5 20. Nxe5 Bxe5
21. Bxe5 Qxe5 22. Rd1 Re8 23. Bf3 h6 24. Qd2 Qc7 25. Qd6 Re7 26. Qxc7 Rxc7 27. Be2 Rd7 28. Rxd7 Nxd7 29. f3 Ne5 30. e4 Be6
31. Nd2 Kf8 32. f4 Nc6 33. f5 Bd7=
1/2-1/2

[Event "Open Max Euwe in Memoriam"]
[Site "SchemingMind.com"]
[Date "2011.10.30"]
[Round "-"]
[White "e_castle3"]
[Black "e_safarz"]
[Result "0-1"]
[WhiteCountry "PHI"]
[BlackCountry "CAN"]
[WhiteElo "1850"]
[WhiteRD "56"]
[BlackElo "2380"]
[BlackRD "74"]
[GameID "295997"]

1. e4 c5 2. Nf3 Nc6 3. g3 g6 4. Bg2 Bg7 5. c3 e5 6. O-O d6 7. d3 Nge7 8. Be3 O-O 9. Qc2 h6 10. a3 Be6
11. Rd1 Rc8 12. c4 f5 13. Nc3 Nd4 14. Bxd4 cxd4 15. Nd5 fxe4 16. Nxe7+ Qxe7 17. Nd2 e3 18. fxe3 dxe3 19. Nf3 d5 20. Qe2 d4
21. Rf1 e4 22. Nh4 exd3 23. Qxd3 Bxc4 24. Rxf8+ Qxf8 25. Qxg6 Qf2+ 26. Kh1 e2 27. Nf3 Rf8 28. Rg1 Rxf3 29. Qe8+ Rf8 30. Qe4 Qxg1+
0-1

[Event "Open Max Euwe in Memoriam"]
[Site "SchemingMind.com"]
[Date "2011.10.30"]
[Round "-"]
[White "e_safarz"]
[Black "e_castle3"]
[Result "1-0"]
[WhiteCountry "CAN"]
[BlackCountry "PHI"]
[WhiteElo "2380"]
[WhiteRD "74"]
[BlackElo "1850"]
[BlackRD "56"]
[GameID "296002"]

1. e4 e5 2. Nf3 Nc6 3. Bb5 d6 4. d4 exd4 5. Nxd4 Bd7 6. Nc3 Ne5 7. Be2 Nf6 8. O-O Be7 9. h3 O-O 10. f4 Nc6
11. Be3 Nxd4 12. Qxd4 a6 13. e5 c5 14. Qd3 Ne8 15. Bf3 Rb8 16. Rad1 Bc6 17. f5 Bxf3 18. Rxf3 b6 19. f6 gxf6 20. Bh6 fxe5
21. Rdf1 f6 22. Qd5+ Kh8 23. Rg3 Nc7 24. Bg7#
1-0